| 000 | 00818cam a2200241 4500 | ||
|---|---|---|---|
| 001 | 1967 | ||
| 010 | _a9728470290 | ||
| 021 |
_aPT _b166590/01 |
||
| 090 | _a1967 | ||
| 100 | _a20251118d2001 m||y0pory5003 ba | ||
| 101 | 0 | _apor | |
| 102 | _aPT | ||
| 200 |
_aAs profecias do Bandarra _fGonçalo Annes Bandarra _eSegundo a fidedigna versão editada no Porto em 1866, apurada e impressa por ordem de um Grande Senhor de Portugal _gPrefácio de Fernando Santos Costa |
||
| 210 | 9 |
_a[S.l] _cModerna Editorial Lavores _d2001 |
|
| 215 |
_a159 p. _d22 cm |
||
| 300 | _aBMB-Registado | ||
| 606 |
_9776 _aLiteratura Portuguesa |
||
| 606 |
_91613 _aPoesia |
||
| 675 |
_a821.134.3-1 _vBMB _zpor |
||
| 700 |
_aBandarra _bGonçalo Anes _fca 1500-1556 _92823 |
||
| 701 |
_92824 _aCosta _bFernando Santos _4080 |
||
| 801 |
_aPT _bBMB _gRPC |
||
| 990 | _cLIVROS | ||